Представление документа в формате MARC21

Поле Инд. ПП Название Значение
Тип записи a
Библиографический уровень m
001 Контрольный номер ba8220577d9a470fac62b54245ec99cc
005 Дата корректировки 20260330094520.5
008 Кодируемые данные 20140416
020 a ISBN 978-5-534-15425-2
040 b Код языка каталог. rus
e Правила каталог. PSBO
041 0_ a Код языка текста rus
084 a Индекс другой классификации/Индекс ББК 20.18я73
100 1_ a Автор Хаустов А. П.
q Полное имя Хаустов Александр Петрович
100 1_ a Автор Редина М. М.
q Полное имя Редина Маргарита Михайловна
245 10 a Заглавие Нормирование и снижение загрязнения окружающей среды
b Продолж. заглавия учебник для вузов
250 a Основные сведения об издании 3-е изд., перераб. и доп.
260 a Место издания Москва
b Издательство Юрайт
c Дата издания 2024
300 a Объем 454 с.
336 a Термин вида содержания Текст
337 a Термин типа средства электронный
440 _0 a Серия Высшее образование
504 a Библиография Рек. лит. - Прил.
521 0_ a Примеч. о целев. назн. бакалавриат
650 04 a Основная рубрика экология
653 0_ a Ключевые слова загрязнение окружающей среды
a Ключевые слова защита окружающей среды
a Ключевые слова экологическое нормирование
655 a Жанр/ форма (устаревшее) учебное пособие
856 40 a Имя сервера/домена ЭБС ЮРАЙТ
d Путь https://urait.ru
i Указания/сценарий входа Доступ по логину и паролю
u URL https://urait.ru/bcode/536050
v Время доступа к ресурсу 25.03.2027
y Справочный текст Электронная версия
900 a Имя электронного ресурса obl_Haustov_NiSZOS
x Справочная информация Обложка
900 x Справочная информация Полный текст
901 t Тип документа 0
952 a Тип литературы для КСУ ВШ УИ